000
002640000a22000970004500
100
1
_a
Boon, Wendy
245
1
0
_a
Spearhead : "Switch to global thinking"
300
_a
Vol.85, núm.1 (March-June, 2005), Páginas 8-9
773
0
_t
Latin America Evangelist
942
_c
ANA
999
_c
60522
_d
60522